[Event "Frankfurt-chB"]
[Site "Frankfurt"]
[Date "2019.04.30"]
[Round "1"]
[White "Droeser, Wolfgang"]
[Black "Pfaff, Helmut"]
[Result "1-0"]
[WhiteElo "1276"]
[BlackElo "1314"]
[PlyCount "63"]
[EventDate "2019.04.29"]
[EventType "swiss"]
[EventRounds "7"]
[EventCountry "GER"]
[SourceTitle "EXT 2020"]
[Source "ChessBase"]
[SourceDate "2019.10.17"]
[SourceVersion "1"]
[SourceVersionDate "2019.10.17"]
[SourceQuality "1"]

1. f4 d6 2. Nf3 Nc6 3. e3 e5 4. fxe5 dxe5 5. Nc3 f5 6. d3 g6 7. Be2 Bd6 8. 0-0 Be6 9. d4 exd4 10. exd4 Nce7 11. Bg5 Qd7 12. d5 Bf7 13. Qd4 h6 14. Bxe7 Qxe7 15. Qxh8 0-0-0 16. Kh1 Bc5 17. Qe5 Qf6 18. Qxf6 Nxf6 19. Ne5 Bxd5 20. Nxd5 Nxd5 21. Nxg6 Ne3 22. Rfc1 Rd2 23. Nf4 Nxc2 24. Rab1 Be3 25. Bd3 Bxf4 26. Bxf5+ Kb8 27. Bxc2 Rd6 28. Rf1 Rd4 29. Rbd1 Rxd1 30. Bxd1 Bd6 31. Rf6 h5 32. Bxh5 1-0

[Event "Frankfurt-chB"]
[Site "Frankfurt"]
[Date "2017.05.02"]
[Round "2"]
[White "Droeser, Wolfgang"]
[Black "Goodwin, David"]
[Result "1/2-1/2"]
[WhiteElo "1311"]
[BlackElo "1456"]
[PlyCount "39"]
[EventDate "2017.04.24"]
[EventType "swiss"]
[EventRounds "7"]
[EventCountry "GER"]
[SourceTitle "EXT 2018"]
[Source "ChessBase"]
[SourceDate "2017.10.13"]
[SourceVersion "1"]
[SourceVersionDate "2017.10.13"]
[SourceQuality "1"]

1. f4 g6 2. Nf3 Bg7 3. e3 d6 4. d3 Nf6 5. Be2 Nbd7 6. 0-0 c5 7. c4 a6 8. Nc3 0-0 9. Qe1 h6 10. a4 b6 11. h3 Bb7 12. e4 Ne8 13. Bd1 f5 14. exf5 Rxf5 15. g4 Rf8 16. Nh4 Kh7 17. Kh2 e5 18. f5 g5 19. Ng6 Rf6 20. h4 1/2-1/2

[Event "Frankfurt-chB"]
[Site "Frankfurt"]
[Date "2016.06.13"]
[Round "7"]
[White "Ratfai, Miksa"]
[Black "Droeser, Wolfgang"]
[Result "1/2-1/2"]
[WhiteElo "947"]
[BlackElo "1190"]
[PlyCount "56"]
[EventDate "2016.04.25"]
[EventType "swiss"]
[EventRounds "9"]
[EventCountry "GER"]
[SourceTitle "EXT 2018"]
[Source "ChessBase"]
[SourceDate "2017.10.13"]
[SourceVersion "1"]
[SourceVersionDate "2017.10.13"]
[SourceQuality "1"]

1. e4 d6 2. d4 Nf6 3. Nc3 c6 4. Nf3 Bg4 5. h3 Bh5 6. Bc4 Qc7 7. 0-0 h6 8. Bf4 e6 9. a3 Nbd7 10. b4 b5 11. Bb3 e5 12. Bg3 g5 13. d5 g4 14. hxg4 Bxg4 15. a4 Rb8 16. Qd3 a6 17. Nh4 Be7 18. f3 Bh5 19. Nf5 Bf8 20. Bh4 Rg8 21. Qe3 Qb6 22. Qxb6 Rxb6 23. axb5 cxb5 24. Ra2 Nh7 25. Kh1 Nb8 26. f4 Kd7 27. Ng3 Rg4 28. Nf5 exf4 1/2-1/2

[Event "Hessen-ch op-C"]
[Site "Floersheim"]
[Date "2016.05.06"]
[Round "4"]
[White "Droeser, Wolfgang"]
[Black "Huebner, Kai"]
[Result "0-1"]
[WhiteElo "1440"]
[BlackElo "1703"]
[PlyCount "46"]
[EventDate "2016.05.05"]
[EventType "swiss"]
[EventRounds "7"]
[EventCountry "GER"]
[SourceTitle "EXT 2022"]
[Source "ChessBase"]
[SourceDate "2021.10.06"]
[SourceVersion "1"]
[SourceVersionDate "2021.10.06"]
[SourceQuality "1"]

1. f4 d5 2. Nf3 Bf5 3. e3 Nf6 4. b3 e6 5. Bb2 Nbd7 6. d3 Bc5 7. d4 Bb6 8. Bd3 0-0 9. 0-0 Re8 10. Qe1 c5 11. Bxf5 exf5 12. Ne5 cxd4 13. exd4 Rc8 14. c3 Ne4 15. Rf3 f6 16. Nxd7 Qxd7 17. Qc1 Bxd4+ 18. Kf1 Qb5+ 19. c4 dxc4 20. a4 Qa6 21. b4 Bxb2 22. Qxb2 c3+ 23. b5 cxb2 0-1

[Event "Frankfurt-chB"]
[Site "Frankfurt"]
[Date "2016.05.02"]
[Round "2"]
[White "Neagu, Liviu1111"]
[Black "Droeser, Wolfgang"]
[Result "1/2-1/2"]
[WhiteElo "1357"]
[BlackElo "1190"]
[PlyCount "72"]
[EventDate "2016.04.25"]
[EventType "swiss"]
[EventRounds "9"]
[EventCountry "GER"]
[SourceTitle "EXT 2018"]
[Source "ChessBase"]
[SourceDate "2017.10.13"]
[SourceVersion "1"]
[SourceVersionDate "2017.10.13"]
[SourceQuality "1"]

1. d4 g6 2. c4 Bg7 3. Nf3 d6 4. e4 Nd7 5. Nc3 c6 6. Be2 Qc7 7. Be3 e5 8. d5 a6 9. Rc1 c5 10. Qd2 h6 11. h4 Ndf6 12. Nh2 h5 13. f4 Ng4 14. Nf3 Nxe3 15. Qxe3 exf4 16. Qxf4 Bh6 17. Ng5 f6 18. 0-0 fxg5 19. hxg5 Bg7 20. Na4 Bd4+ 21. Kh1 Ne7 22. Qf7+ Kd8 23. Rf4 Bg4 24. Rcf1 Re8 25. Bxg4 hxg4 26. Qxe8+ Kxe8 27. Rf8+ Kd7 28. Rxa8 Nc8 29. Rf7+ Ne7 30. Rff8 Qa5 31. Nc3 Bxc3 32. Rab8 Kc7 33. bxc3 Qxc3 34. Rbe8 Qe1+ 35. Kh2 g3+ 36. Kh3 Qxe4 1/2-1/2

[Event "Frankfurt-chB"]
[Site "Frankfurt"]
[Date "2015.05.11"]
[Round "3"]
[White "Droeser, Wolfgang"]
[Black "Goodwin, David"]
[Result "0-1"]
[WhiteElo "1116"]
[BlackElo "1403"]
[PlyCount "106"]
[EventDate "2015.04.27"]
[EventType "swiss"]
[EventRounds "7"]
[EventCountry "GER"]
[SourceTitle "EXT 2016"]
[Source "ChessBase"]
[SourceDate "2015.10.08"]
[SourceVersion "1"]
[SourceVersionDate "2015.10.08"]
[SourceQuality "1"]

1. f4 g6 2. Nf3 Bg7 3. e3 c5 4. d3 Nc6 5. Be2 d6 6. Nc3 Nf6 7. 0-0 0-0 8. Qe1 a6 9. a3 Re8 10. e4 Nd4 11. Bd1 Nd7 12. Kh1 Nxf3 13. Rxf3 e6 14. Ne2 b5 15. c3 Bb7 16. Rh3 f5 17. Ng1 c4 18. Bc2 Nc5 19. Re3 Nxd3 20. Bxd3 cxd3 21. Bd2 fxe4 22. Nh3 Bf6 23. Nf2 d5 24. Ng4 Bg7 25. Rh3 Rf8 26. Nh6+ Bxh6 27. Rxh6 Qf6 28. Be3 Rf7 29. g3 e5 30. Qf2 exf4 31. gxf4 Bc8 32. Rg1 Bf5 33. Bd4 Qe6 34. Rg3 e3 35. Bxe3 Be4+ 36. Kg1 Rf5 37. h4 Kg7 38. Rhxg6+ hxg6 39. Bd4+ Kh7 40. Qh2 Rh5 41. Rg5 Rg8 42. Qf2 Bf5 43. Kh2 Re8 44. Be5 Rf8 45. Qa7+ Rf7 46. Qb8 Rg7 47. Rxh5+ gxh5 48. Qf8 Qf7 49. Qd8 d2 50. Bxg7 Kxg7 51. Qg5+ Bg6 52. Qe5+ Qf6 53. Qxd5 Qxf4+ 0-1

[Event "Karl Mala Memorial op-B 17th"]
[Site "Frankfurt"]
[Date "2014.08.02"]
[Round "5"]
[White "Schilay, Eva"]
[Black "Droeser, Wolfgang"]
[Result "1/2-1/2"]
[WhiteElo "1355"]
[BlackElo "1461"]
[PlyCount "57"]
[EventDate "2014.07.31"]
[EventType "swiss"]
[EventRounds "7"]
[EventCountry "GER"]
[SourceTitle "EXT 2015"]
[Source "ChessBase"]
[SourceDate "2014.11.20"]
[SourceVersion "1"]
[SourceVersionDate "2014.11.20"]
[SourceQuality "1"]

1. Nc3 d6 2. Nf3 g6 3. e4 Bg7 4. d4 c6 5. Bf4 Qc7 6. Qd2 h6 7. Bc4 e6 8. Bb3 Nd7 9. Qd3 Ne7 10. 0-0 e5 11. dxe5 dxe5 12. Be3 0-0 13. Qd2 Kh7 14. Rfd1 Nf6 15. h3 b5 16. a3 Bb7 17. Bc5 a5 18. Qd6 Qxd6 19. Rxd6 Rae8 20. Rad1 Kg8 21. R6d3 Kh7 22. Nxe5 Nxe4 23. Nxe4 Bxe5 24. Nd6 Bxd6 25. Bxd6 f5 26. Bxe7 Rxe7 27. Rd7 Rfe8 28. Kf1 Kg7 29. Rxe7+ 1/2-1/2

[Event "Karl Mala Memorial op-B 16th"]
[Site "Frankfurt"]
[Date "2013.07.14"]
[Round "6"]
[White "Droeser, Wolfgang"]
[Black "Held, Maurice"]
[Result "0-1"]
[WhiteElo "1490"]
[BlackElo "1187"]
[PlyCount "88"]
[EventDate "2013.07.11"]
[EventType "swiss"]
[EventRounds "7"]
[EventCountry "GER"]
[SourceTitle "CBM 155 Extra"]
[Source "ChessBase"]
[SourceDate "2013.08.26"]
[SourceVersion "1"]
[SourceVersionDate "2013.08.26"]
[SourceQuality "1"]

1. f4 g6 2. g3 Bg7 3. Nf3 c5 4. e3 Nc6 5. Bg2 Nf6 6. 0-0 0-0 7. c3 a6 8. d3 d6 9. Nbd2 Bd7 10. Qe1 b5 11. a3 Rb8 12. b4 Nd5 13. Nb1 cxb4 14. axb4 Ndxb4 15. Qd1 Ra8 16. Nd4 d5 17. Bb2 Nxd4 18. exd4 Nc6 19. Bxd5 Qb6 20. Nd2 e6 21. Bh1 a5 22. Rb1 a4 23. Ba3 Rfc8 24. Nf3 Qa5 25. Bb4 Nxb4 26. cxb4 Qb6 27. Ne5 Ra7 28. Bg2 Qxd4+ 29. Kh1 Bxe5 30. fxe5 Qxe5 31. Qf3 Bc6 32. Qf2 Bxg2+ 33. Kxg2 Rac7 34. Kg1 f5 35. Rfe1 Qd5 36. Red1 Rc2 37. Qf1 a3 38. d4 a2 39. Ra1 R8c3 40. Rac1 Rxc1 41. Rxc1 Rxc1 42. Qxc1 Qxd4+ 43. Kg2 a1Q 44. Qc8+ Kg7 0-1

[Event "Karl Mala Memorial op-B 16th"]
[Site "Frankfurt"]
[Date "2013.07.12"]
[Round "3"]
[White "Weber, Samuel"]
[Black "Droeser, Wolfgang"]
[Result "1-0"]
[WhiteElo "1703"]
[BlackElo "1490"]
[PlyCount "45"]
[EventDate "2013.07.11"]
[EventType "swiss"]
[EventRounds "7"]
[EventCountry "GER"]
[SourceTitle "CBM 155 Extra"]
[Source "ChessBase"]
[SourceDate "2013.08.26"]
[SourceVersion "1"]
[SourceVersionDate "2013.08.26"]
[SourceQuality "1"]

1. e4 d6 2. d4 g6 3. c4 e6 4. Nc3 c6 5. f4 Qc7 6. Nf3 h6 7. Be2 Bg7 8. 0-0 a6 9. a4 b6 10. Be3 Nd7 11. Qc2 c5 12. d5 e5 13. Nd1 Ne7 14. Nf2 Bb7 15. Nd3 0-0-0 16. fxe5 Nxe5 17. Nfxe5 Bxe5 18. Rxf7 g5 19. Nxe5 dxe5 20. Rd1 Qd6 21. Bg4+ Kb8 22. Rdf1 Ng6 23. R1f6 1-0

[Event "Frankfurt-chB"]
[Site "Frankfurt"]
[Date "2013.06.17"]
[Round "7"]
[White "Droeser, Wolfgang"]
[Black "Fredershausen, Kurt"]
[Result "1/2-1/2"]
[WhiteElo "1201"]
[BlackElo "1085"]
[PlyCount "91"]
[EventDate "2013.04.29"]
[EventType "swiss"]
[EventRounds "7"]
[EventCountry "GER"]
[SourceTitle "EXT 2014"]
[Source "ChessBase"]
[SourceDate "2013.11.20"]
[SourceVersion "1"]
[SourceVersionDate "2013.11.20"]
[SourceQuality "1"]

1. f4 d5 2. Nf3 Nf6 3. e3 Bg4 4. Be2 e6 5. 0-0 h6 6. b3 Bf5 7. Bb2 Nbd7 8. c4 c6 9. Qc1 Rc8 10. d3 Bd6 11. Na3 Nc5 12. Qd1 Ncd7 13. Nc2 Be7 14. Ne5 Nxe5 15. fxe5 Nd7 16. Qd2 Bg6 17. Ne1 0-0 18. d4 f5 19. g3 c5 20. Ng2 cxd4 21. exd4 Bg5 22. Nf4 Bxf4 23. gxf4 Qe8 24. Qd1 Qf7 25. Rf2 Nb8 26. h4 Rfd8 27. h5 Bh7 28. Rg2 Kh8 29. Rc1 g6 30. Kf2 Rg8 31. Qh1 g5 32. fxg5 hxg5 33. Rcg1 g4 34. Bc1 Nc6 35. Rd1 Rcd8 36. cxd5 Rxd5 37. Bb2 Rg5 38. Rh2 g3+ 39. Kf3 gxh2 40. Qxh2 Rxh5 41. Qg2 Qg6 42. Qxg6 Bxg6 43. Rg1 Kg7 44. Ke3 Rd8 45. Bxh5 Ne7 46. Ba3 1/2-1/2